Enciclopedia visual de los seres vivos / (Registro nro. 12795)

Detalles MARC
000 -LIDER
fixed length control field 01263nam a22003857a 4500
003 - IDENTIFICACDOR DE NÚMERO DE CONTROL
control field DO-SdBNP
005 - DATE AND TIME OF LATEST TRANSACTION
control field 20231012132050.0
008 - ELEMENTOS DE LONGITUD FIJA
fixed length control field 0607211994 sp a 1 spa
017 ## - NÚMERO DE REGISTRO DE DERECHOS DE AUTOR
Copyright or legal deposit number
Assigning agency
020 ## - ISBN
International Standard Book Number 8486459559 (v.3)
035 ## - NÚMERO LOCAL
System control number
040 ## - FUENTE DE CATALOGACIÓN
Agencia que crea de manera original el registro BPMSU
Idioma de catalogación spa
Agencia que realiza la transcripción BPMSU
Convenciones de la despripción
041 ## - CÓDIGOS DE OBRAS TRADUCIDAS O EN VARIOS IDIOMAS
Código del idioma del texto/archivo de sonido o separata aspa
Cód. del idioma original y/o traducciones intermedias del texto eng
082 #4 - NÚMERO DE CLASIFICACIÓN DECIMAL DE DEWEY
Classification number R574.03
Item number E56v 1994
Edition number 22
245 00 - MENCIÓN DE TITULO
Título Enciclopedia visual de los seres vivos /
Mención de responsabilidad fotografías Peter Chadwick, Geoff Dann ; ilustraciones: Simone End, John Woodcock ; traducido por María del Carmen Blázquez.
Medio (Designación general de material)
260 ## - PUBLICACIÓN, DISTRIBUCIÓN, ETC. (PIE DE IMPRENTA)
Lugar de publicación, distribución, etc Madrid :
Nombre del editor, distribuidor, etc. El país-altea,
Fecha de publicación, distribución, etc 1994.
Lugar de impresión
Impresor
300 ## - DESCRIPCIÓN FÍSICA
Extensión v. ;
Dimensiones 32 cm.
500 ## - NOTA GENERAL
Nota general
590 ## - NOTA LOCAL
Texto de la nota local Inventariado, 2023/VM
650 ## - ENCABEZAMIENTO DE MATERIA--TEMÁTICO
Término temático o nombre geográfico como elemento de entrada Animales
Subdivisión de forma Enciclopedias.
Fuente del encabezamiento o término
650 #4 - ENCABEZAMIENTO DE MATERIA--TEMÁTICO
Subdivisión de forma Enciclopedias
Término temático o nombre geográfico como elemento de entrada Cuerpo humano
Fuente del encabezamiento o término
650 #4 - ENCABEZAMIENTO DE MATERIA--TEMÁTICO
Término temático o nombre geográfico como elemento de entrada Zoología
Subdivisión de forma Enciclopedias
650 #4 - ENCABEZAMIENTO DE MATERIA--TEMÁTICO
Término temático o nombre geográfico como elemento de entrada Plantas
Subdivisión de forma Enciclopedias.
690 #4 - LOCAL SUBJECT ADDED ENTRY--TOPICAL TERM (OCLC, RLIN)
Form subdivision
700 1# - ASIENTO SECUNDARIO -- NOMBRE PERSONAL
Nombre personal Woodcock, John,
Mención de responsabilidad ils.
700 1# - ASIENTO SECUNDARIO -- NOMBRE PERSONAL
Nombre personal End, Simone,
Mención de responsabilidad ils.
700 1# - ASIENTO SECUNDARIO -- NOMBRE PERSONAL
Nombre personal Woodcock, John,
Mención de responsabilidad ils.
700 1# - ASIENTO SECUNDARIO -- NOMBRE PERSONAL
Nombre personal Woodcock, John,
Mención de responsabilidad ils.
700 1# - ASIENTO SECUNDARIO -- NOMBRE PERSONAL
Nombre personal Blázquez, María del Carmen,
Mención de responsabilidad tr.
910 ## - VALIDACIÓN
Validación VMateo V. Control de calidad. BPMSU
942 ## - ADDED ENTRY ELEMENTS (KOHA)
Source of classification or shelving scheme Dewey Decimal Classification
Koha item type Libros
945 ## - INFORMACIÓN DE PROCESAMIENTO LOCAL
Información de procesamiento local inventariado extranjero / DG
956 ## - LOCAL ELECTRONIC LOCATION AND ACCESS (OCLC)
Nombre de host YLOCKWARD
Método de acceso 10
Enlace BPMSU
Campo enlazado y núm. de secuencia 00144
980 ## - EQUIVALENCE OR CROSS-REFERENCE-SERIES STATEMENT--PERSONAL NAME/TITLE [LOCAL, CANADA]
Personal name
--
Numeration
Attribution qualifier
Titles and other words associated with a name
Existencias
Withdrawn status Lost status Source of classification or shelving scheme Damaged status Not for loan Collection code Home library Current library Date acquired Source of acquisition Total Checkouts Full call number Barcode Date last seen Price effective from Koha item type
    Dewey Decimal Classification     Colección General Biblioteca Pública Metropolitana Salomé Ureña Biblioteca Pública Metropolitana Salomé Ureña 11/08/2017 FUNDI   BPMSU CGR R574.03 E56v 1994 BPMSU17110085 11/08/2017 11/08/2017 Libros